00661nam a2200265Ia 4500008004100000020001800041050001400059100002300073245002400096245006300120260002500183260001600208260000900224300001500233300001400248300001000262440003900272500000800311650001000319650001300329650001200342700001800354700001200372700001100384180803s9999 xx 000 0 und d a9780439798013 bM169 2005 aMcNamara, Margaret 0aFirst-grade bunny / 0cwritten by Margaret McNamara ; illustrated by Mike Gordon. aNew York, New York : bScholastic, c2005 a32 pages : bcolored ; c22cm. aReady-to-read : Robin Hill School. a400 aFear. aRabbits. aSchool. aGordon, Mike. aSeries. aTitle.